000 00678pam a2200181 a 4500
020 _a0419176209 (alk. paper)
082 0 0 _a624.1771
_bARY
_cL-NUST, P-05
100 1 _aArya, C.
_942929
245 1 0 _aDesign of structural elements :
_bconcrete, steelwork, masonry, and timber design to British standards and Eurocodes /
_cChanakya Arya.
250 _a1st ed.
260 _aLondon ;
_aNew York :
_bE & FN Spon,
_c1994.
300 _axvi, 360 p. :
_bill. ;
_c25 cm.
526 _a0
_b0
_c0
_d624_177100000000000_ARY
650 0 _aMCE
_9379
650 0 _aStructural design
_xStandards
_zEurope.
_942930
650 0 _aStructural design
_xStandards
_zGreat Britain.
_942931
942 _2ddc
_cBK
999 _c546732
_d546732